000 01131nam a2200277Ia 4500
005 20140903173610.0
008 130821s2001 sp a gr spa
020 _a8446011778
040 _aCo-BoUCM
_bspa
041 0 0 _aspa
245 0 0 _aArte después de la modernidad nuevos planteamientos en torno a la representación
_cBrian Wallis (ed.) ; traducción Carolina del Olmo y César Rendueles
260 _aMadrid (España)
_bEdiciones Akal
_c2001
300 _axvi, 467 páginas
_bilustraciones
490 0 _aAkal.
_v7
_aArte Contemporáneo / Anna María Guascb
504 _aIncluye bibliografía e índice.
650 0 4 _aArte moderno
_ySiglo XX
_vEnsayos, conferencias, etc.
_99500
650 0 4 _aArte
_99444
650 0 4 _aPostmodernismo en el arte
_vEnsayos, conferencias, etc.
_922122
700 1 _aOlmo, Carolina del
_etrad.
700 1 _aRendueles, César
_etrad.
700 1 _aWallis, Brian
_d1953-
_eed.
765 _tArt after modernism : rethinking representation
830 _aBibliografía Básica Medio Universitario.
942 _cLIBRO
_a17
_e1
_mA786
_2DEWEY
_h709.04
999 _c51338
_d51338